000 00541nam a2200157 a 4500
001 000028413
005 20250217091458.0
008 110408s1990 dr a 000 0 spa d
040 _aDO-SdBNP
_bspa
_cBNPHU
082 _axxx
_bS718c
100 1 _aSoto, Julio
_931138
245 1 0 _aCelebremos la misa /
_cJulio Soto ; presentación Nicolás de Jesús López Rodríguez.
260 _aSanto Domingo :
_bInstituto Técnico salesiano,
_c1990.
300 _a40 p. ; :
_bil. ;
_c22 cm.
700 1 _a López Rodríguez, Nicolás de Jesús,
_d1936-
_9670
999 _c27905
_d27905